00686nam a2200145 i 450000100060000000300090000600500170001500700030003200800410003510000740007624502870015026000560043730000220049385200250051593450ES-MaACL20230906181227.0t|050527s1907 sp ||||1| spa d1 aMartel y Fernández de Córdoba, Ricardo cConde de Torres Cabrera.10aInforme que sobre la integración de la clase agraria en el Estado ofrece a los Sres. Presidentes de las Corporaciones confederadas que constituyen la Unión Agraria Española el Presidente de la Federación Agraria Bético-Extremeña y Canaria / cEl Conde de Torres-Cabrera. aMadrid : b[s.n., c1907] (fEst. Tip. de Fortanet) a120 p. ; c28 cm. aES-MaACLjT-1169-F-4